3 films = 1 acteur français - Statistiques

Statistiques générales
  • Ce quiz a été pris 853 fois
  • Le résultat moyen est 11 sur 22
Statistiques - réponses
Hint Réponse % Correct
Léon / Les Rivières pourpres / Tais-toi ! Jean Reno
76%
Camping / Barbecue / Loups-garous Franck Dubosc
75%
La Haine / Black Swan / Un moment d'égarement Vincent Cassel
72%
Les Anges gardiens / Les Profs / Les Visiteurs Christian Clavier
69%
LOL / Un homme idéal / 20 ans d'écart Pierre Niney
65%
Sur la piste du Marsupilami / Astérix et Obélix : Mission Cléopâtre / RRRrrrr!!! Alain Chabat
63%
Lucky Luke / 99 francs / Novembre Jean Dujardin
60%
Germinal / Astérix et Obélix contre César / Vidocq Gérard Depardieu
55%
Rien à déclarer / De l'autre côté du lit / Joyeux Noël Dany Boon
54%
Les Profs 2 / Le Pari / Alibi.com Didier Bourdon
52%
Ne le dis à personne / Astérix et Obélix : L'Empire du Milieu / La plage Guillaume Canet
51%
Les bronzés font du ski / All Inclusive / Les Ripoux Thierry Lhermitte
49%
La Boum / L'Étudiante et Monsieur Henri / Un éléphant ça trompe énormément Claude Brasseur
48%
Le père Noël est une ordure / Babysitting / Camping 3 Gérard Jugnot
48%
La Rafle / Chouchou / Alibi.com 2 Gad Elmaleh
47%
Iznogoud / Vipère au poing / Le Dîner de cons Jacques Villeret
46%
Le Fabuleux Destin d'Amélie Poulain / Mercato / Indigènes Jamel Debbouze
44%
Profs / Le Jaguar / Tu veux ou tu veux pas Patrick Bruel
32%
Comme un chef / Vive la France / Coursier Michaël Youn
31%
Nos jours heureux / L'Appel de la forêt / Les seigneurs Omar Sy
31%
Podium / Monsieur Batignole / Les Nouvelles Aventures d'Aladin Jean-Paul Rouve
24%
Les Choristes / Bis / Les Tuche Kad Merad
20%
Aucun quiz correspondant
Distribution des résultats
% des personnes avec chaque résultat
Percentile par nombre de réponses
Votre historique - résultats
Vous n’avez pas pris ce quiz